| 000 | 01061nam a2200217 u 4500 | ||
|---|---|---|---|
| 001 | 000644437 | ||
| 003 | AM-YeHGA | ||
| 005 | 20250617140933.0 | ||
| 008 | 090320s1975 |||||| |||||||||||||rus|c | ||
| 040 | _aAM-YeHGA | ||
| 041 | 0 | _arus | |
| 245 | 0 | 0 |
_aНиколай Семенович Тихонов : _bБиблиографический указатель его произведений и литературы о нем 1918 - 1970 гг. / _cСост. А.С. Морщихина ; Под ред. В.А. Шошина ; Б-ка АН СССР. Ин-т русской лит. АН СССР (Пушкинский дом). |
| 260 |
_aЛенинград : _bИзд-во Библиотеки АН СССР, _c1975. |
||
| 300 | _a444 с. | ||
| 650 | 1 | 4 | _aБиблиография |
| 700 | 1 |
_aМорщихина, А.С _eсост. _4com |
|
| 700 | 1 |
_aШошин, В.А _eред. _4edt |
|
| 710 | 2 | _aБиблиотека АН СССР | |
| 710 | 2 | _aИнститут русской литературы АН СССР (Пушкинский дом) | |
| 090 | _c230995 | ||
| 999 |
_c229444 _d229444 |
||